| 000 | 00909cam a22002894a 4500 | ||
|---|---|---|---|
| 001 | 69792697 | ||
| 003 | OCoLC | ||
| 005 | 20240626172348.0 | ||
| 008 | 060524s2006 nyua b 001 0 eng | ||
| 010 | _a2006047370 | ||
| 020 | _a0743280083 | ||
| 020 | _a9780743280082 | ||
| 040 |
_aDLC _cDLC _dIG# _dBAKER _dOCO _dBTCTA _dIXA _dYDXCP _dVP@ _dPUL _dSX@ |
||
| 042 | _apcc | ||
| 049 | _aSX@A | ||
| 082 | 0 | 0 |
_a910.9163/46 _222 |
| 099 | _a910.9163 Hicks, B. 2006 | ||
| 100 | 1 |
_aHicks, Brian, _d1966- |
|
| 245 | 1 | 0 |
_aWhen the dancing stopped : _bthe real story of the Morro Castle disaster and its deadly wake / _cBrian Hicks. |
| 260 |
_aNew York : _bFree Press, _cc2006. |
||
| 300 |
_axxi, 346 p. : _bill. ; _c24 cm. |
||
| 504 | _aIncludes bibliographical references (p. 291-317) and index. | ||
| 590 | _aardnf04/07. | ||
| 610 | 2 | 0 | _aMorro Castle (Steamship) |
| 710 | 2 | _aMorro Castle (Steamship) | |
| 942 | _cBK | ||
| 999 |
_c29895 _d29893 |
||